000 00763nam a2200241Ia 4500
003 OSt
005 20221005112751.0
006 a|||||r|||| 00| 0
007 ta
008 221004b |||||||| |||| 00| 0 pan d
024 _a117564
037 _cTextual
040 _aCRL
_cCRL
_bpan
041 _2pan
_apan
082 _aO153,1x, P5
100 _aਅਰੀ, ਗੁਰਚਰਨ ਸਿੰਘ, ਥਦ।
_9624404
245 0 _aਸਾਗਰਿਕਾ
260 _aਦਿੱਲੀ
_bਆਰਸੀ ਪਬਲਿਰਗ਼ ਭਾਰਤ
_c2005
300 _a168ਪੰ
_ccm.
650 _aਪੰਜਾਬੀ ਸਾਹਿਤ
942 _hO153,1x, P5
_cTEXL
_2cc
999 _c1025907
_d1025907